000 00480nam a22001817a 4500
003 CEME
005 20210628203251.0
008 210125b xxu||||| |||| 00| 0 eng d
020 _a9780762751135
040 _c.
082 _a621.46 TRO
100 _aTrout, Charles.M
_964394
245 _aEssentials of electric motors and controls
260 _aBOSTAN
_bJONES AND BARTLET
_c2010
300 _aVIII,118P
650 _aELECTRIC MOTORS AND CONTROLS
_964395
942 _cBK
_2ddc
999 _c572900
_d572900